Datum a čas kvízu
24
Celkem bodů
Celkový počet nahraných bodů na tomto kvízu bez doplňovacích otázek.
9.
Pořadí na kvízu
Konečné umístění týmu na tomto kvízu.
Zaznamenané odpovědi
| # | Otázka | Odpověď | Body | Výsledky |
|---|---|---|---|---|
| 1. | V jedné české zoologické zahra... | v Olomouci | 0 | |
| 2. | Jeden z vysoce postavených stá... | na Slovensku | 1 | |
| 3. | Jeden mezinárodní multikulturn... | United Islands of Prague | 0 | |
| 4. | Minulý týden byl na aukci v ji... | (zlaté) hodinky | 0 | |
| 5. | Co způsobilo posunutí začátku... | C) na hřišti se usadil včelí roj | 1 | |
| 6. | Vítězné téma facebookového hla... | Baryk | 0 | |
| 7. | Jak se jmenoval herec, který v... | Ladislav Trojan | 0 | |
| 8. | Který zahraniční dětský seriál... | Tlapková patrola | 1 | |
| 9. | Která z těchto postav je nejme... | D) Zipper | 1 | |
| 10. | Ze které země pochází seriál V... | z Japonska | 0 |